000 00301nam a22001337a 4500
008 171121b xxu||||| |||| 00| 0 eng d
020 _a9780538613262
041 _aeng
080 _211 ED
_a339.138
100 _a60
101 _aMAR
245 _aRETAIL MERCHANDISING
_cSAMSON.L
942 _2udc
_cBK
999 _c38278
_d38278